UN Chronicle

Bibliographic Details
New Title:Crn̤ica de las Naciones Unidas =
ONU Crn̤ica,
Corporate Author: Naciones Unidas
Format: Unknown
Language:English
Published: New York : Naciones Unidas
Subjects:
Online Access:Acceso restringido

MARC

LEADER 00000ny a22000003n 4500
005 20110511115348.0
008 091203s us 000 eng d
022 |a 0251-7329 
035 |a 2903 
040 |a UCM.PP  |d vLex 
080 |a 007(051) 
090 |c 1635  |d 1635 
245 3 0 |a UN Chronicle  |h [Recurso electrn̤ico] 
246 3 |a Crn̤icas ONU 
256 |a Servicio en ln̕ea 
260 |a New York :  |b Naciones Unidas 
310 |a Mensual 
500 |a A partir del naÌ‚um. 4, vol. XII, aa̘no 1975 y hasta el naÌ‚um. 5, vol. XIX, aa̘no 1982, cambio de editoriales, formato y taÌ‚itulo: ONU CraÌ‚onica (0254-8410). - A partir del naÌ‚um. 6, vol. XIX, aa̘no 1982, cambio de taÌ‚itulo: CraÌ‚onica de las Naciones Unidas (0251-7329) 
506 1 |a Contenido solo disponible en los productos indicados  |d vLex Global  |d vLex Global (Academic Edition, excluding Law Schools)  |d vLex Global (Academic Edition, Law Schools) 
610 1 4 |a Naciones Unidas  |x Publicaciones perid̤icas 
650 0 4 |a Political science 
650 0 4 |a International Relations/International Justice 
650 0 4 |a International relations 
710 2 |a Naciones Unidas 
740 0 |a vLex Revista (Servicios en ln̕ea) 
785 0 0 |t Crn̤ica de las Naciones Unidas =  |b UN Chronicle,  |x 0251-7329 
785 0 0 |t ONU Crn̤ica,  |x 0254-8410 
843 |a Electrn̤ica. Abierta 
853 |8 1  |i (year)  |j (month)  |k (day) 
856 4 0 |u http://vlex.com/source/2903  |z Acceso restringido 
942 |c REV 
999 1 4 |a Naciones Unidas.